00601nam a2200157Ia 4500008004000000082001600040100002400056245010000080260004300180300001200223650003600235690001900271906001100290999001700301952012500318210210b1980 xxu||||| |||| 00| 0 eng d a336.54 SINU aSINGH (Shailendra). aUnion state financial relations in India: with special reference to the under developed status. aNDbSterling publishers pvt ltd.c1980 axiv,143 aUnion state financial relations aPublic Finance a035590 c86230d86230 001040708EconomicsaALbALcEconomicsd2021-02-17g50.00l0o336.54 SINUp035590r2021-02-17 00:00:00w2021-02-17yBK